| 000 -ლიდერი |
| ფიქსირებული სიგრძის საკონტროლო ველი |
00477nam a2200205Ia 4500 |
| 001 - საკონტროლო ნომერი |
| საკონტროლო ველი |
21255 |
| 003 - საკონტროლო ნომრის იდენტიფიკატორი |
| საკონტროლო ველი |
GE_BSU |
| 005 - ბოლო ოპერაციის თარიღი და დრო |
| საკონტროლო ველი |
20211019155948.0 |
| 008 - ფიქსირებული სიგრძის მონაცემთა ელემენტები - ზოგადი ინფორმაცია |
| ფიქსირებული სიგრძის საკონტროლო ველი |
181216s? ||||enk|||||||||||||| ||eng|| |
| 040 ## - კატალოგიზაციის წყარო |
| Transcribing agency |
GE_BSU |
| 041 ## - ენის კოდი |
| Language code of text/sound track or separate title |
enk |
| 080 ## - უნივერსალური ათობითი კლასიფიკაციის ინდექსი |
| Universal Decimal Classification number |
821.111(73)-32 S-82 |
| 100 ## - მთავარი ჩანაწერი - პიროვნების სახელი |
| Personal name |
Steinbeck, John |
| 9 (RLIN) |
12689 |
| 245 #4 - ცნობა სათაურის შესახებ |
| Title |
The Pearl / |
| Statement of responsibility, etc |
John Steinbeck. |
| 264 ## - წარმოების, გამოცემის, დისტრიბუციის და სხვა ცნობები |
| გამოცემის, წარმოების, დისტრიბუციის... ადგილი |
Tbilisi : |
| გამოცემის, წარმოების, დისტრიბუციის... სახელწოდება |
?, |
| გამოცემის, წარმოების, დისტრიბუციის... თარიღი |
?. |
| 300 ## - ფიზიკური აღწერა |
| Extent |
128 p. ; |
| Dimensions |
14 cm. |
| 653 ## - INDEX TERM--UNCONTROLLED |
| Uncontrolled term |
The Pearl |
| 942 ## - ADDED ENTRY ELEMENTS (KOHA) |
| Koha item type |
წიგნი |
| Source of classification or shelving scheme |
|